| 000 | 01998nam2a22003011 4500 | ||
|---|---|---|---|
| 001 | v19\rc\1719547 | ||
| 005 | 20250619040421.0 | ||
| 035 | _a(NLR Aleph) 004817556 | ||
| 090 |
_a4987266 _c4987266 |
||
| 100 | _a20061002d1903 |||y0rusy50 ca | ||
| 101 | 0 | _arus | |
| 102 | _aRU | ||
| 105 | _ay z ||||| | ||
| 200 | 0 | _aЗа время с 17 апреля 1894 г. по 1 января 1902 г. | |
| 205 | _a2-е изд. | ||
| 210 |
_d1903 _aБ. м. |
||
| 215 | _a[2], 52 с. | ||
| 461 | 0 |
_1001v19\rc\1719539 _12001#$aСписок сочинений по разным отраслям сельского хозяйства, естествознанию и другим предметам, одобренных Ученым комитетом Главного управления землеустройства и земледелия для подведомственных Главному управлению сельскохозяйственных учебных заведений...$fГУЗ и З. Учен. ком.$vЗа время с 17 апреля 1894 г. по 1 января 1902 г. _94987195 _cСанкт-Петербург _d1900-1913 _fГУЗ и З. Учен. ком. _tСписок сочинений по разным отраслям сельского хозяйства, естествознанию и другим предметам, одобренных Ученым комитетом Главного управления землеустройства и земледелия для подведомственных Главному управлению сельскохозяйственных учебных заведений... _vЗа время с 17 апреля 1894 г. по 1 января 1902 г. |
|
| 801 | 0 |
_aRU _bNLR _gpsbo |
|
| 801 | 0 |
_aRU _bRuMoRGB _2psbo |
|
| 801 | 1 |
_aRU _bProSoft-M _2rusmarc |
|
| 899 |
_aRuMoRGB _jR 7/899 |
||
| 899 |
_aRuMoRGB _jR 103/244 |
||
| 899 |
_aRuMoRGB _jR 21/33 |
||
| 899 | _aБАН | ||
| 942 | _cBOOK | ||
| 980 | _aNB | ||